000 00879na a2200265 4500
001 16696
003 MIRAKIL
005 20181213155143.0
008 161013b tu 000 0
035 _a16696
040 _aMilas
_btur
_cTR-AnCHP
041 _atur
082 _a915.62265
_bA72 2013
090 _a915.62265 A72 2013
245 _aAtaşehir 2013
_cEditör Cemil Özyıldırım
260 _aİstanbul
_bATASAV
_c2013
300 _a284 s.
_bfotg.
_c34 sm.
650 _aAtaşehir Sosyal, Ekonomik Araştırmalar Ve Eğitim Vakfı
_xKılavuzlar
650 _aYerel yönetimler
_xAtaşehir Belediyesi
_yKılavuzlar
651 _aAtaşehir (İstanbul)
_xSosyal yaşam ve gelenekler
_yKılavuzlar
651 _aAtaşehir (İstanbul)
_xSosyal durum
_yKılavuzlar
651 _aAtaşehir (İstanbul)
_xKılavuzlar
700 _aÖzyıldırım, Cemil
942 _2ddc
_cBKS
999 _c7567
_d7567